<?xml version="1.0" encoding="UTF-8"?>
<record
    xmlns:xsi="http://www.w3.org/2001/XMLSchema-instance"
    xsi:schemaLocation="http://www.loc.gov/MARC21/slim http://www.loc.gov/standards/marcxml/schema/MARC21slim.xsd"
    xmlns="http://www.loc.gov/MARC21/slim">

  <leader>00548    a2200157   4500</leader>
  <datafield tag="020" ind1=" " ind2=" ">
    <subfield code="a">0-07-053563-9</subfield>
  </datafield>
  <datafield tag="082" ind1=" " ind2=" ">
    <subfield code="a">624.1821 ROK</subfield>
    <subfield code="b">L-18-P-65</subfield>
  </datafield>
  <datafield tag="090" ind1=" " ind2=" ">
    <subfield code="c">2887</subfield>
    <subfield code="d">2887</subfield>
  </datafield>
  <datafield tag="100" ind1=" " ind2=" ">
    <subfield code="a">ROKACH, ABRAHAM.J</subfield>
    <subfield code="9">43068</subfield>
  </datafield>
  <datafield tag="245" ind1=" " ind2=" ">
    <subfield code="a">SCHAUM'S OUTLINE SERIES THEORY AND PROBLEMS OF STRUCTURAL STEEL DESIGN</subfield>
    <subfield code="b">LOAD AND RESISTANCE FACTOR METHOD</subfield>
  </datafield>
  <datafield tag="260" ind1=" " ind2=" ">
    <subfield code="a">NEW YARK</subfield>
    <subfield code="b">MCGRAW HILL BOOK COMPANY</subfield>
    <subfield code="c">1991</subfield>
  </datafield>
  <datafield tag="300" ind1=" " ind2=" ">
    <subfield code="a">VII, 187P.</subfield>
    <subfield code="c">26CM</subfield>
  </datafield>
  <datafield tag="500" ind1=" " ind2=" ">
    <subfield code="a">STRUCTURAL STEEL DESIGN</subfield>
  </datafield>
  <datafield tag="526" ind1=" " ind2=" ">
    <subfield code="a">0</subfield>
    <subfield code="b">0</subfield>
    <subfield code="c">0</subfield>
    <subfield code="d">624_182100000000000_ROK_L18P65</subfield>
  </datafield>
  <datafield tag="942" ind1=" " ind2=" ">
    <subfield code="2">ddc</subfield>
    <subfield code="a">MCE</subfield>
    <subfield code="c">BOOK</subfield>
    <subfield code="k">624.1821 ROK</subfield>
  </datafield>
  <datafield tag="999" ind1=" " ind2=" ">
    <subfield code="c">546868</subfield>
    <subfield code="d">546868</subfield>
  </datafield>
  <datafield tag="952" ind1=" " ind2=" ">
    <subfield code="0">0</subfield>
    <subfield code="1">0</subfield>
    <subfield code="2">ddc</subfield>
    <subfield code="4">0</subfield>
    <subfield code="7">0</subfield>
    <subfield code="a">MCE</subfield>
    <subfield code="b">MCE</subfield>
    <subfield code="d">2014-06-20</subfield>
    <subfield code="l">0</subfield>
    <subfield code="o">624.1821 ROK L-18-P-65</subfield>
    <subfield code="p">MCE-25654</subfield>
    <subfield code="r">2014-06-20</subfield>
    <subfield code="w">2014-06-20</subfield>
    <subfield code="y">BOOK</subfield>
  </datafield>
</record>
